000 00331nam a2200133Ia 4500
008 191201s2007 xx 000 0 und d
082 _a005.74
_bELF
100 _aELMASRI, R
245 0 _aFundamentals of Database Systems
260 _aN.Delhi
_bDorling Kindersley L
_c2007
300 _a-
650 _aB.Tech(IT)
942 _2ddc
_cBK
999 _c2784
_d2784